[Event "BL2 West 1920 (Women)"]
[Site "Germany"]
[Date "2019.12.15"]
[Round "4.6"]
[White "Hoefner, Nina"]
[Black "Raus, Christina"]
[Result "1-0"]
[WhiteElo "1577"]
[BlackElo "1596"]
[PlyCount "31"]
[EventDate "2019.09.14"]
[EventType "team-tourn"]
[EventRounds "7"]
[EventCountry "GER"]
[SourceTitle "EXT 2021"]
[Source "ChessBase"]
[SourceDate "2020.10.23"]
[SourceVersion "1"]
[SourceVersionDate "2020.10.23"]
[SourceQuality "1"]
[WhiteTeam "Hamburger SK (W) II"]
[BlackTeam "Steinfurt (W)"]
[WhiteTeamCountry "GER"]
[BlackTeamCountry "GER"]

1. e4 e5 2. Nc3 Nf6 3. f4 exf4 4. e5 Ng8 5. Nf3 Bb4 6. d4 Ne7 7. Bxf4 Nd5 8. Bd2 Nxc3 9. bxc3 Ba5 10. Bd3 d6 11. 0-0 0-0 12. Ng5 g6 13. Ne4 Kg7 14. Bg5 Qd7 15. Bf6+ Kg8 16. Qd2 1-0

[Event "GER-chT Federal Cup (Women)"]
[Site "Braunfels"]
[Date "2019.06.23"]
[Round "5.38"]
[White "Hoefner, Nina"]
[Black "Werner, Rosalie"]
[Result "1/2-1/2"]
[WhiteElo "1557"]
[BlackElo "1610"]
[PlyCount "49"]
[EventDate "2019.06.20"]
[EventType "team-swiss"]
[EventRounds "5"]
[EventCountry "GER"]
[SourceTitle "CBM 191 Extra"]
[Source "ChessBase"]
[SourceDate "2019.09.30"]
[SourceVersion "1"]
[SourceVersionDate "2019.09.30"]
[SourceQuality "1"]

1. e4 e6 2. d4 d5 3. Nc3 Nf6 4. Bg5 Be7 5. e5 Nfd7 6. Bxe7 Qxe7 7. f4 a6 8. Nf3 c5 9. dxc5 Nxc5 10. Be2 Nc6 11. Qd2 b5 12. a3 Bb7 13. b4 Nd7 14. 0-0 Rc8 15. Nd4 g6 16. Rac1 0-0 17. Nd1 f6 18. exf6 Qxf6 19. Nxc6 Rxc6 20. Ne3 Qc3 21. Qd3 Rfc8 22. Rfd1 Nf8 23. Ng4 Qb2 24. Ne3 Qf6 25. Qd4 1/2-1/2

[Event "GER-chT Federal Cup (Women)"]
[Site "Braunfels"]
[Date "2019.06.21"]
[Round "3.45"]
[White "Hoefner, Nina"]
[Black "Grabowski, Petra"]
[Result "1-0"]
[WhiteElo "1557"]
[BlackElo "1626"]
[PlyCount "63"]
[EventDate "2019.06.20"]
[EventType "team-swiss"]
[EventRounds "5"]
[EventCountry "GER"]
[SourceTitle "CBM 191 Extra"]
[Source "ChessBase"]
[SourceDate "2019.09.30"]
[SourceVersion "1"]
[SourceVersionDate "2019.09.30"]
[SourceQuality "1"]

1. e4 e6 2. d4 d5 3. Nc3 dxe4 4. Nxe4 Nd7 5. Nf3 Ngf6 6. Bg5 Be7 7. Nxf6+ Nxf6 8. Bd3 0-0 9. c3 c5 10. dxc5 Bxc5 11. Qc2 h6 12. Bh4 a6 13. 0-0-0 Qe7 14. Ne5 g5 15. Bg3 Nd7 16. h4 Nxe5 17. Bxe5 f6 18. Bg3 Rf7 19. hxg5 hxg5 20. Rh6 Rg7 21. Rdh1 Kf8 22. Rh8+ Rg8 23. Rxg8+ Kxg8 24. Bh7+ Kf8 25. Bg6 f5 26. Be5 Be3+ 27. fxe3 Qc5 28. Rh8+ Ke7 29. Rh7+ Kf8 30. Qd3 Qa5 31. Rh8+ Ke7 32. Re8# 1-0

[Event "GER-chT Federal Cup (Women)"]
[Site "Braunfels"]
[Date "2018.06.01"]
[Round "3.8"]
[White "Hoefner, Nina"]
[Black "Valkova, Angelika"]
[Result "0-1"]
[WhiteElo "1662"]
[BlackElo "1874"]
[PlyCount "76"]
[EventDate "2018.05.31"]
[EventType "team-swiss"]
[EventRounds "5"]
[EventCountry "GER"]
[SourceTitle "EXT 2020"]
[Source "ChessBase"]
[SourceDate "2019.10.17"]
[SourceVersion "1"]
[SourceVersionDate "2019.10.17"]
[SourceQuality "1"]
[WhiteTeam "Hamburg (W)"]
[BlackTeam "Wuerttemberg (W)"]
[WhiteTeamCountry "GER"]
[BlackTeamCountry "GER"]

1. e4 e6 2. d4 d5 3. Nc3 Bb4 4. e5 Ne7 5. Nf3 c5 6. dxc5 Bxc3+ 7. bxc3 Qa5 8. Bd2 Qxc5 9. Bd3 Bd7 10. Rb1 Qc7 11. 0-0 Ng6 12. Qe2 Nc6 13. Rfe1 Na5 14. Bb5 0-0 15. Ng5 h6 16. Nh3 Bxb5 17. Rxb5 b6 18. f4 Qc4 19. Qxc4 Nxc4 20. Bc1 Rfc8 21. Rf1 Nf8 22. f5 Nxe5 23. Re1 Nc4 24. fxe6 fxe6 25. Nf4 Nd6 26. Rb3 Ne4 27. Re3 Rc6 28. Ba3 Nd2 29. Bb2 Nxb3 30. cxb3 Nd7 31. Nxe6 Re8 32. Nd4 Rxe3 33. Nxc6 Re2 34. Ba3 Rxa2 35. Bd6 Kf7 36. Nd4 Nf6 37. h3 Ne4 38. Nb5 a6 0-1

[Event "BL2 West 1718 (Women)"]
[Site "Germany"]
[Date "2017.10.15"]
[Round "2.6"]
[White "Buechle, Regina"]
[Black "Hoefner, Nina"]
[Result "1/2-1/2"]
[WhiteElo "1855"]
[BlackElo "1662"]
[PlyCount "55"]
[EventDate "2017.10.14"]
[EventType "team-tourn"]
[EventRounds "7"]
[EventCountry "GER"]
[SourceTitle "EXT 2019"]
[Source "ChessBase"]
[SourceDate "2018.10.10"]
[SourceVersion "1"]
[SourceVersionDate "2018.10.10"]
[SourceQuality "1"]
[WhiteTeam "Wattenscheid (W)"]
[BlackTeam "Hamburger SK (W) II"]
[WhiteTeamCountry "GER"]
[BlackTeamCountry "GER"]

1. d4 Nf6 2. Nf3 g6 3. c4 Bg7 4. Nc3 0-0 5. e4 d6 6. h3 e5 7. d5 Nbd7 8. Qc2 a5 9. Be2 Nc5 10. 0-0 Nh5 11. Be3 f5 12. Bxc5 dxc5 13. Ne1 Nf4 14. Kh2 fxe4 15. Qxe4 Bf5 16. Qe3 Nxe2 17. Nxe2 Qd6 18. Ng3 e4 19. Nc2 Rae8 20. Kg1 Be5 21. Nxf5 Rxf5 22. Rab1 Qf6 23. Rbd1 b6 24. b3 Bf4 25. Qe2 Qb2 26. Nd4 Qxe2 27. Nxe2 Be5 28. Ng3 1/2-1/2

[Event "Regionalliga NO 1617 (Women)"]
[Site "Germany"]
[Date "2017.02.12"]
[Round "4.2"]
[White "Hoefner, Nina"]
[Black "Fett, Sabine"]
[Result "1-0"]
[WhiteElo "1687"]
[BlackElo "1694"]
[PlyCount "107"]
[EventDate "2016.10.23"]
[EventType "team-tourn"]
[EventRounds "5"]
[EventCountry "GER"]
[SourceTitle "EXT 2018"]
[Source "ChessBase"]
[SourceDate "2017.10.13"]
[SourceVersion "1"]
[SourceVersionDate "2017.10.13"]
[SourceQuality "1"]
[WhiteTeam "Hamburger SK (W) III"]
[BlackTeam "Luebeck (W)"]
[WhiteTeamCountry "GER"]
[BlackTeamCountry "GER"]

1. e4 c6 2. d4 d5 3. e5 Bf5 4. h4 h5 5. Bd3 Bxd3 6. Qxd3 e6 7. Bg5 Qb6 8. Nd2 Nd7 9. Ne2 Ne7 10. c4 0-0-0 11. 0-0 f6 12. exf6 gxf6 13. Bf4 e5 14. dxe5 fxe5 15. Bg5 Kb8 16. cxd5 cxd5 17. Bxe7 Bxe7 18. Qxd5 Bxh4 19. Nc4 Qa6 20. Qe4 Bf6 21. b4 Nb6 22. Na5 Rhg8 23. Qf3 Rdf8 24. Rab1 Nc4 25. Qd5 Nb6 26. Qd6+ Ka8 27. Nc3 h4 28. Ne4 Nc4 29. Qxa6 bxa6 30. Nxc4 Rg4 31. f3 Rf4 32. Nxf6 Rxc4 33. Ne4 Rg8 34. Kh2 Rc7 35. Nf6 Rg6 36. Ng4 e4 37. Kh3 Rcg7 38. Kxh4 Rh7+ 39. Kg3 Rhg7 40. Rbe1 exf3 41. gxf3 Kb7 42. Re5 Rd6 43. Rfe1 Rdd7 44. a3 Kb6 45. Kf2 Rd3 46. R5e3 Rd4 47. Re6+ Kb5 48. R1e5+ Kc4 49. Ne3+ Kb3 50. Nf5 Rd2+ 51. Re2 Rxe2+ 52. Rxe2 Rf7 53. Re3+ Ka4 54. Nd4 1-0